000 00439pab a2200169 454500
008 180718b2009 xxu||||| |||| 00| 0 eng d
100 _aBagri, S.C.
245 _aCritical analysis of the existing scenario of hospitality management education
260 _c2009
300 _ap.4-10.
362 _a7 Sep
650 _aHospitality education
700 _aBabu, A. Suresh
773 _aUniversity News
908 _aN
909 _a83805
999 _c83805
_d83805